Positron scattering by atomic hydrogen at intermediate energies /
Saved in:
| Main Author: | |
|---|---|
| Format: | Thesis Book |
| Language: | English |
| Published: |
1999.
|
| Subjects: | |
| Tags: |
Add Tag
No Tags, Be the first to tag this record!
|
| LEADER | 00964cam a2200253 a 4500 | ||
|---|---|---|---|
| 001 | u444221 | ||
| 003 | SIRSI | ||
| 008 | 911205s1999 my t 00 1 eng m | ||
| 035 | |a ACH-8954 | ||
| 040 | |a UMM | ||
| 090 | |a QC793.5 |b P628Kal | ||
| 091 | |a Microfiche 14707 | ||
| 100 | 0 | 0 | |a Kalai Kumar Rajagopal |
| 245 | 1 | 0 | |a Positron scattering by atomic hydrogen at intermediate energies / |c Kalai Kumar Rajagopal. |
| 260 | |c 1999. | ||
| 300 | |a iii, 68 leaves : |b ill. ; |c 29 cm. | ||
| 500 | |a Microfiche. Kuala Lumpur : University of Malaya Library, 2000. 2 fiches : negative ; 11 x 15 cm. | ||
| 502 | |a Dissertation (M.Sc.) -- Institut Sains Matematik, Fakulti Sains, Universiti Malaya, 1999. | ||
| 504 | |a Includes bibliographical references. | ||
| 650 | 0 | |a Positrons |x Scattering | |
| 710 | 2 | 0 | |a Universiti Malaya. |b Institut Sains Matematik. |
| 948 | |a 08/09/1999 |b 17/06/2002 | ||
| 596 | |a 1 | ||
| 999 | |a QC793.5 P628KAL |w LC |c 1 |i A509089516 |l STACKS |m P01UTAMA |r Y |s Y |t TESIS |u 8/5/2000 | ||
